Boletín económico y social/
Guardat en:
| Autor corporatiu: | |
|---|---|
| Format: | Llibre |
| Idioma: | Spanish |
| Publicat: |
San Salvador, El Salvador
FUSADES. DEES
|
| Matèries: | |
| Etiquetes: |
Afegir etiqueta
Sense etiquetes, Sigues el primer a etiquetar aquest registre!
|
MARC
| LEADER | 00000nam a22000007a 4500 | ||
|---|---|---|---|
| 003 | cru CIDCACS/IIS | ||
| 005 | 20201104174225.0 | ||
| 008 | 201104n es |||p|r||||||0| ||spa|d | ||
| 999 | |c 43479 |d 43479 | ||
| 040 | |c cru CIDCACS/IIS | ||
| 090 | |a REV0107 | ||
| 110 | 2 | |9 9709 |a Fundación Salvadoreña para el Desarrollo Económico y Social | |
| 245 | 1 | |a Boletín económico y social/ |c Fundación Salvadoreña para el Desarrollo Económico y Social | |
| 260 | |a San Salvador, El Salvador |b FUSADES. DEES | ||
| 270 | |a Bulevar Santa Elena, Urbanización Santa Elena, Antiguo Cuscatlán, Dpto. de la Libertad | ||
| 500 | |a EXISTENCIAS : 1985 (7) 1986 (9) 1988 (33-34, 38-39) 1989 (43-45, 49) 1990 (50-53, 56, 59-61) 1991 (64-67) 1992 (74-79, 83-84) 1993 (86-92, 95-97) 1994 (98, 100-105) 1995 (110, 112, 115-118, 120, 121) 1996 (125-126, 129-131) | ||
| 650 | 4 | |9 4380 |a MODELOS ECONOMICOS | |
| 650 | 4 | |9 2655 |a POLITICA ECONOMICA | |
| 650 | 4 | |9 2649 |a ESTRATEGIA DEL DESARROLLO | |
| 942 | |2 ddc |c PP | ||
